Driving Performance at Mexico's Energy Regulatory Commission
Salvato in:
| Natura: | Libro |
|---|---|
| Lingua: | inglese |
| Pubblicazione: |
Paris
OECD
2017
|
| Serie: | <The> Governance of Regulators
|
| Soggetti: | |
| Tags: |
Nessun Tag, puoi essere il primo ad aggiungerne!!
|
MARC
| LEADER | 00000nam a2200000 4500 | ||
|---|---|---|---|
| 001 | 0241745 | ||
| 005 | 20240314122830.6 | ||
| 020 | |a 978-92-64-28082-3 | ||
| 041 | 0 | |a eng | |
| 044 | |a FR | ||
| 245 | 1 | 0 | |a Driving Performance at Mexico's Energy Regulatory Commission |
| 264 | 1 | |a Paris |b OECD |c 2017 | |
| 300 | |a 110 s. | ||
| 490 | 1 | |a <The> Governance of Regulators | |
| 830 | 0 | |a <The> Governance of Regulators | |
| 610 | 2 | 0 | |a energia |
| 610 | 2 | 0 | |a energetika |
| 610 | 2 | 0 | |a organizácie hospodárske |
| 610 | 2 | 0 | |a služby verejné |
| 610 | 2 | 0 | |a dozor |
| 610 | 2 | 0 | |a riadenie |
| 610 | 2 | 0 | |a regulácia |
| 610 | 2 | 0 | |a reformy |
| 610 | 2 | 0 | |a výkonnosť |
| 610 | 2 | 0 | |a ukazovatele |
| 610 | 2 | 0 | |a správa spoločnosti |
| 610 | 2 | 0 | |a Mexiko |